| 000 | 01119nam a2200253Ia 4500 | ||
|---|---|---|---|
| 999 |
_c3480 _d3480 |
||
| 003 | OSt | ||
| 005 | 20200601175606.0 | ||
| 008 | 191128s9999 xx 000 0 und d | ||
| 020 | _a9788420792347 | ||
| 040 |
_aCO-JMCR _cCO-JMCR |
||
| 041 | _aspa | ||
| 082 | 0 | 4 |
_aC / _bRODn |
| 100 |
_aRodari, Gianni, _d1920-1980 _qautor _94881 |
||
| 245 | 1 | 0 |
_aLos negocios del señor gato: historias y rimas felinas / _cGianni Rodari ; Traducción de J.C. Fernandez-Capparrós, Ilustraciones de montse Ginesta |
| 250 | _aPrimera edición | ||
| 260 |
_aMadrid ; España _bAnaya, _c1999 |
||
| 300 |
_a88 páginas : _bilustracioes a color ; _c 20 cm |
||
| 490 | _aSopa de libros N.35 | ||
| 500 | _aIcluye datos biográficos del autor en la página 85 | ||
| 520 | _a"¿Puede existir algo mas sucuelento que un ratón en lata? Es loq ue el señor gato pretende vender en su reciente tienda de alimentación. Para ello cuenta con una cajera y un ayudante muy eficaces: La publicidad funciona y la lista de pedidos de los clie | ||
| 534 | _pGli affari del signor gatto | ||
| 650 |
_aCuentos infantiles _94882 |
||
| 942 |
_2ddc _cBK |
||